00446nam a22001697a 450000500170000000800410001702000270005804000090008504100120009408200130010610000200011924500440013925000080018326000440019130000080023565000330024320260422132257.0260422b |||||||| |||| 00| 0 eng d a9789373023571c1495.00 aMAIN aEnglish a592bHUS aHussain, Anwar  aPecheniks Biology of the Invertebrates  a8th aNew Delhi bMedTech Science Pressc2026 a606 aBiological Science (PM USHA)